Lettres les plus fréquentes - Statistiques

Statistiques générales
  • Ce quiz a été pris 118 fois
    58 depuis la dernière actualisation
  • Le résultat moyen est 20 sur 26
Statistiques - réponses
Hint Réponse % Correct
12% e
100%
7% a
98%
7% i
96%
7% s
90%
6% n
88%
6% r
83%
5% l
79%
3% m
79%
6% o
79%
2% p
79%
6% t
79%
4% u
79%
3% c
77%
4% d
77%
1% g
73%
1% b
71%
1% v
71%
1% f
67%
1% h
67%
1% q
65%
0.5 w
63%
0.5% y
63%
0.5 z
63%
0.5% x
62%
0.5% j
60%
0.5% k
58%
Aucun quiz correspondant
Distribution des résultats
% des personnes avec chaque résultat
Percentile par nombre de réponses
Votre historique - résultats
Vous n’avez pas pris ce quiz depuis la dernière actualisation